00429nam a2200157Ia 4500003000400000008004100004040001600045082001800061100002000079245006600099260004200165300001000207650001800217650001100235650002500246GCL140319s9999 xx 000 0 eng d aGCL / cGCL04a306.8509bG C1 aGELLES, RICHARD10aCONTEMPORARY FAMILIES: A SOCIOLOGCAL VIEW / cGELLES, RICHARD a[S.N] : bSAGE PUBLICATIONS ، c1995 a542 P04aUNITED STATES04aFAMILY04aUNITED ARAB EMIRATES